[Event "WJCC U20 Open 2019"]
[Site "New Delhi"]
[Date "2019.10.16"]
[Round "2.3"]
[White "Bharath Subramaniyam H"]
[Black "Shtembuliak, Evgeny"]
[Result "0-1"]
[WhiteElo "2417"]
[BlackElo "2577"]
[Annotator "TA"]
[PlyCount "106"]
[EventDate "2019.10.15"]
[EventType "swiss"]
[EventCountry "IND"]
[SourceTitle "playchess.com"]
[Source "ChessBase"]
[SourceQuality "1"]

{[%evp 12,110,10,14,24,23,25,16,25,17,27,0,0,0,73,91,133,130,127,128,146,148,239,8,18,0,0,0,0,0,0,-27,0,0,0,-64,-65,-81,-78,-62,-44,-69,-69,-69,-66,-60,-61,-71,-64,-66,-56,-71,-67,-107,-102,-118,-111,-213,-206,-253,-51,-281,-253,-287,-259,-470,-464,-976,-966,-925,-813,-1093,-799,-3216,-2012,-2074,-1479,-2435,-2537,-1561,-1542,-29981,-29982,-29984,-29984,-29985,-29985,-29986,-29987,-29990,-29988,-29988,-29989,-29989,-29990,-29992,-29993,-29993,-29993,-29995,-29996]} 1. e4 e6 2. d4 d5 3. Nc3 Nf6 4. Bg5 dxe4 5. Nxe4 Be7 6. Bxf6 gxf6 7. Qd2 b6 {C13: French: Classical System: 4 Bg5 Be7, Alekhine-Chatard Attack} 8. O-O-O Bb7 9. Nc3 c6 {The position is equal.} 10. Be2 Nd7 11. Bh5 (11. f4 f5 12. Nf3 Qc7 13. Ne5 h5 14. Bf3 Nxe5 15. dxe5 {½-½ (38) Kryvoruchko,Y (2669)-Ponkratov,P (2644) Mali Losinj 2019}) 11... f5 12. Nf3 Rg8 $146 (12... Nf6 $11 {remains equal.} 13. Bxf7+ Kxf7 14. Ng5+ Ke8) ({Predecessor:} 12... Nf6 13. Bxf7+ Kxf7 14. Ng5+ Ke8 15. Nxe6 {1-0 (26) Nowak,L (2293)-Popiol,M (2126) Suwalki 2018}) 13. Rhe1 $16 Nf6 14. Qh6 Nxh5 15. Qxh5 Bg5+ 16. Kb1 Qf6 {[#]} (16... Kf8 $16 {was called for.}) 17. Qxh7 $2 (17. Rxe6+ $1 $18 {[%mdl 512]} Qxe6 18. Re1 (18. Nxg5 Qg6 $11) 18... Qxe1+ 19. Nxe1) 17... O-O-O $11 {Threatens to win with ...Rh8.} 18. Nxg5 Rxg5 19. Qh4 Rh8 20. Qf4 {And now Ne4! would win.} Rg4 21. Qd6 Rd8 $36 {[%mdl 2048] White is under pressure.} (21... Qd8 $5 {[%cal Rd8d6]} 22. Qa3 Kb8 $15) 22. Qa3 Kb8 23. Ne2 ({White should play} 23. g3 $11) 23... Rxg2 $15 {[%mdl 64] Double Attack} 24. Rg1 Rxg1 25. Rxg1 f4 26. f3 {[#]} c5 $1 {[%mdl 512]} 27. dxc5 Qe5 28. Nc1 Qxc5 29. Qxc5 bxc5 {[%cal Bb6c5,Bc5c4][%mdl 4128] Endgame KRB-KRN} 30. Nd3 c4 31. Nxf4 Bxf3 32. a4 e5 33. Rf1 e4 ({Weaker is} 33... exf4 34. Rxf3 Rd4 35. h4 $16) 34. h4 (34. Kc1 $17 {was worth a try.}) 34... Kc7 $19 35. Kc1 Kc6 $2 (35... Kd6 $1 $19 {...Ke5 is the strong threat.} 36. Nh3 f6) 36. c3 $2 (36. h5 $15) 36... Rg8 37. Kd2 {[#]} Kd6 $1 38. Ke3 $2 (38. Nh3 Ke5 39. Ng5 {[%mdl 64] Double Attack}) 38... Ke5 39. h5 {[#]} (39. Rxf3 $142 exf3 40. Kxf3) 39... Rg4 $1 40. Ne2 f5 41. Rxf3 exf3 42. Kxf3 {KR-KN} Rh4 43. Nd4 Rh3+ 44. Kf2 Rxh5 45. Nc6+ Ke4 46. Nxa7 f4 {Black mates.} 47. Nc6 Rh2+ 48. Kf1 Rxb2 49. a5 Ra2 50. Ke1 f3 51. Nd4 Rxa5 52. Kf2 Ra2+ 53. Kg3 Rg2+ 0-1

[Event "WJCC U20 Open 2019"]
[Site "New Delhi"]
[Date "2019.10.16"]
[Round "2.4"]
[White "Praggnanandhaa R"]
[Black "Bronstein, Or"]
[Result "1-0"]
[WhiteElo "2567"]
[BlackElo "2413"]
[Annotator "ChessBase"]
[PlyCount "91"]
[EventDate "2019.10.15"]
[EventType "swiss"]
[EventCountry "IND"]
[SourceTitle "playchess.com"]
[Source "ChessBase"]
[SourceQuality "1"]
[TimeControl "40/5400+30:1800+30"]

1. e4 {[%emt 0:00:00]} c5 {[%emt 0:00:00]} 2. Nf3 {[%emt 0:00:17]} d6 {[%emt 0:00:00]} 3. d4 {[%emt 0:00:09]} cxd4 {[%emt 0:00:00]} 4. Nxd4 {[%emt 0:00:05]} Nf6 {[%emt 0:00:00]} 5. Nc3 {[%emt 0:00:07]} a6 {[%emt 0:00:03]} 6. g3 {[%emt 0:00:14]} e5 {[%emt 0:01:13]} 7. Nde2 {[%emt 0:00:14]} Be7 {[%emt 0:00:27]} 8. Bg2 {[%emt 0:00:26]} b5 {[%emt 0:02:39]} 9. Nd5 {[%emt 0:00:52]} Nbd7 {[%emt 0:04:47]} 10. Nec3 {[%emt 0:01:06]} Nb6 {[%emt 0:01:42]} 11. Nxf6+ {[%emt 0:02:18]} Bxf6 {[%emt 0:00:46]} 12. b3 {[%emt 0:00:34]} Qc7 {[%emt 0:06:03]} 13. Qd3 {[%emt 0:03:05]} b4 {[%emt 0:15:48]} 14. Nd1 {[%emt 0:08:18]} a5 {[%emt 0:01:52]} 15. c4 {[%emt 0:02:03]} bxc3 {[%emt 0:22:53]} 16. Nxc3 {[%emt 0:02:25]} O-O {[%emt 0:00:06]} 17. O-O {[%emt 0:05:24]} Ba6 {[%emt 0:04:15]} 18. Nb5 {[%emt 0:00:21]} Qd7 {[%emt 0:00:20]} 19. a4 {[%emt 0:00:43]} Rfb8 {[%emt 0:09:08]} 20. Be3 {[%emt 0:23:19]} Nc8 {[%emt 0:00:26]} 21. Rfc1 {[%emt 0:04:26]} Ne7 {[%emt 0:02:18]} 22. Bf1 {[%emt 0:03:25]} d5 {[%emt 0:04:09]} 23. Qd1 {[%emt 0:03:22]} Rc8 {[%emt 0:06:03]} 24. Bb6 {[%emt 0:09:50]} Rxc1 {[%emt 0:10:55]} 25. Rxc1 {[%emt 0:02:24]} Bg5 {[%emt 0:02:59]} 26. Rc7 {[%emt 0:02:27]} Qe6 {[%emt 0:01:59]} 27. Bc5 {[%emt 0:00:40]} Rd8 {[%emt 0:02:03]} 28. h4 {[%emt 0:03:08]} Bf6 {[%emt 0:00:11]} 29. Kh2 {[%emt 0:01:14]} Bc8 {[%emt 0:00:50]} 30. Bxe7 {[%emt 0:01:44]} Bxe7 {[%emt 0:00:02]} 31. exd5 {[%emt 0:00:11]} Qf6 {[%emt 0:00:27]} 32. Bg2 {[%emt 0:00:50]} Bb4 {[%emt 0:00:54]} 33. Qc2 {[%emt 0:02:44]} Bd7 {[%emt 0:00:05]} 34. Nc3 {[%emt 0:05:12]} Qb6 {[%emt 0:00:45]} 35. Ne4 {[%emt 0:00:42]} h6 {[%emt 0:00:47]} 36. Qc4 {[%emt 0:08:31]} Kh8 {[%emt 0:00:29]} 37. Bh3 {[%emt 0:03:11]} f5 {[%emt 0:00:28]} 38. Rxd7 {[%emt 0:01:45]} Rxd7 {[%emt 0:00:01]} 39. Bxf5 {[%emt 0:00:09]} Rc7 {[%emt 0:00:52]} 40. Qe2 {[%emt 0:00:17]} Rf7 {[%emt 0:00:41]} 41. Qh5 {[%emt 0:04:07]} Rf8 {[%emt 0:08:56]} 42. d6 {[%emt 0:07:30]} Bxd6 {[%emt 0:10:31]} 43. Qg6 {[%emt 0:00:15]} Rxf5 {[%emt 0:00:16]} 44. Qxf5 {[%emt 0:00:13]} Qd4 {[%emt 0:00:49]} 45. g4 {[%emt 0:01:20]} Be7 {[%emt 0:03:49]} 46. g5 {[%emt 0:01:21]} 1-0

[Event "WJCC U20 Open 2019"]
[Site "New Delhi"]
[Date "2019.10.16"]
[Round "2.5"]
[White "Agmanov, Zhandos"]
[Black "Hakobyan, Aram"]
[Result "1/2-1/2"]
[WhiteElo "2403"]
[BlackElo "2561"]
[Annotator "RC"]
[PlyCount "76"]
[EventDate "2019.10.15"]
[EventType "swiss"]
[EventCountry "IND"]
[SourceTitle "playchess.com"]
[Source "ChessBase"]
[SourceQuality "1"]
[TimeControl "40/5400+30:1800+30"]

1. e4 {[%emt 0:00:00]} e5 {[%emt 0:00:00]} 2. Nf3 {[%emt 0:01:11]} Nc6 {[%emt 0:00:00]} 3. Bb5 {[%emt 0:01:04]} a6 {[%emt 0:00:00]} 4. Ba4 {[%emt 0:00:10]} Nf6 {[%emt 0:00:00]} 5. O-O {[%emt 0:00:26]} Be7 {[%emt 0:00:00]} 6. Re1 {[%emt 0:01:10]} b5 {[%emt 0:00:00]} 7. Bb3 {[%emt 0:00:05]} O-O {[%emt 0:00:00]} 8. c3 {[%emt 0:00:37]} d6 {[%emt 0:00:05]} 9. h3 {[%emt 0:02:05]} Na5 {[%emt 0:00:05]} 10. Bc2 {[%emt 0:00:47]} c5 {[%emt 0:00:02]} 11. d4 {[%emt 0:02:26]} Nd7 {[%emt 0:00:05]} 12. Nbd2 {[%emt 0:03:29]} exd4 {[%emt 0:00:02]} 13. cxd4 {[%emt 0:00:12]} Nc6 {[%emt 0:00:03]} 14. Nf1 {[%emt 0:16:50]} cxd4 {[%emt 0:00:05]} 15. Nxd4 {[%emt 0:00:48]} Nxd4 {[%emt 0:00:02]} 16. Qxd4 {[%emt 0:00:02]} Ne5 {[%emt 0:00:09]} 17. Qd1 {[%emt 0:06:08]} Bf6 {[%emt 0:00:04]} 18. Ne3 {[%emt 0:12:08]} Be6 {[%emt 0:00:01]} 19. a4 {[%emt 0:12:10]} Rc8 {[%emt 0:00:13]} 20. axb5 {[%emt 0:01:59]} axb5 {[%emt 0:00:01]} 21. Ra6 {[%emt 0:00:42]} Rc6 {[%emt 0:04:54]} 22. Rxc6 {[%emt 0:00:54]} Nxc6 {[%emt 0:00:02]} 23. Nd5 {[%emt 0:03:41]} Be5 {[%emt 0:01:19]} 24. Bd3 {[%emt 0:03:49]} b4 {[%emt 0:16:22]} 25. Qa4 {[%emt 0:04:24]} Nd4 {[%emt 0:01:35]} 26. Be3 {[%emt 0:08:25]} Qh4 {[%emt 0:15:56]} 27. Bxd4 {[%emt 0:09:41]} Bxd4 {[%emt 0:00:15]} 28. Ne3 {[%emt 0:00:16]} Rb8 {[%emt 0:07:17]} 29. Qc2 {[%emt 0:00:44]} b3 {[%emt 0:05:12]} 30. Qc7 {[%emt 0:04:19]} Rc8 {[%emt 0:12:56]} 31. Qxd6 {[%emt 0:00:05]} Bc5 {[%emt 0:00:13]} 32. Qe5 {[%emt 0:01:38]} Bxe3 {[%emt 0:01:00]} 33. Rxe3 {[%emt 0:00:04]} Rc1+ {[%emt 0:00:15]} 34. Bf1 {[%emt 0:00:05]} h6 {[%emt 0:03:35]} 35. Rg3 {[%emt 0:00:40]} g5 {[%emt 0:05:42]} 36. Rc3 {[%emt 0:01:19]} Rxc3 {[%emt 0:00:15]} 37. Qxc3 {[%emt 0:00:13]} Qxe4 {[%emt 0:00:10]} 38. Bd3 {[%emt 0:01:08]} Qf4 {[%emt 0:01:12]} 1/2-1/2

[Event "WJCC U20 Open 2019"]
[Site "New Delhi"]
[Date "2019.10.16"]
[Round "2.6"]
[White "Santos Ruiz, Miguel"]
[Black "Hollan, Martin"]
[Result "1-0"]
[WhiteElo "2560"]
[BlackElo "2403"]
[Annotator "RC"]
[PlyCount "67"]
[EventDate "2019.10.15"]
[EventType "swiss"]
[EventCountry "IND"]
[SourceTitle "playchess.com"]
[Source "ChessBase"]
[SourceQuality "1"]
[TimeControl "40/5400+30:1800+30"]

1. e4 {[%emt 0:00:00]} c5 {[%emt 0:00:00]} 2. Nf3 {[%emt 0:00:00]} Nc6 {[%emt 0:00:00]} 3. d4 {[%emt 0:00:00]} cxd4 {[%emt 0:00:00]} 4. Nxd4 {[%emt 0:00:00]} e5 {[%emt 0:00:07]} 5. Nb5 {[%emt 0:00:00]} a6 {[%emt 0:00:08]} 6. Nd6+ {[%emt 0:00:04]} Bxd6 {[%emt 0:00:08]} 7. Qxd6 {[%emt 0:00:06]} Qe7 {[%emt 0:00:12]} 8. Qd1 {[%emt 0:00:17]} Nf6 {[%emt 0:00:10]} 9. Nc3 {[%emt 0:00:05]} d6 {[%emt 0:00:08]} 10. Bg5 {[%emt 0:00:09]} Be6 {[%emt 0:00:08]} 11. Nd5 {[%emt 0:00:06]} Bxd5 {[%emt 0:00:09]} 12. exd5 {[%emt 0:00:04]} Nb8 {[%emt 0:00:14]} 13. c4 {[%emt 0:00:06]} O-O {[%emt 0:01:24]} 14. Be2 {[%emt 0:00:13]} Nbd7 {[%emt 0:00:12]} 15. O-O {[%emt 0:00:08]} Rfb8 {[%emt 0:00:07]} 16. a4 {[%emt 0:00:04]} a5 {[%emt 0:00:21]} 17. Bd3 {[%emt 0:00:05]} h6 {[%emt 0:02:51]} 18. Bd2 {[%emt 0:02:26]} Nc5 {[%emt 0:00:25]} 19. Bc2 {[%emt 0:00:14]} b6 {[%emt 0:10:12]} 20. Re1 {[%emt 0:09:03]} Rf8 21. Ra3 {[%emt 0:00:42]} Kh8 {[%emt 0:19:12]} 22. Rh3 {[%emt 0:13:13]} e4 {[%emt 0:08:16]} 23. Bc3 {[%emt 0:14:43]} Ng8 {[%emt 0:16:19]} 24. Rg3 {[%emt 0:00:59]} f6 {[%emt 0:00:08]} 25. Qg4 {[%emt 0:06:20]} Qf7 {[%emt 0:09:09]} 26. Bxe4 {[%emt 0:05:14]} Nxa4 {[%emt 0:04:55]} 27. Bg6 {[%emt 0:05:04]} Qc7 {[%emt 0:11:17]} 28. Bf5 {[%emt 0:04:39]} g5 {[%emt 0:01:02]} 29. Bd4 Qg7 {[%emt 0:09:46]} 30. h4 {[%emt 0:01:58]} Rf7 {[%emt 0:00:09]} 31. hxg5 {[%emt 0:04:04]} Qxg5 {[%emt 0:00:15]} 32. Qf3 {[%emt 0:00:07]} Qd2 {[%emt 0:01:01]} 33. Rd1 {[%emt 0:00:08]} Qb4 {[%emt 0:00:05]} 34. Be6 {[%emt 0:00:06]} 1-0

[Event "WJCC U20 Open 2019"]
[Site "New Delhi"]
[Date "2019.10.16"]
[Round "2.7"]
[White "Gazik, Viktor"]
[Black "Amartuvshin, Ganzorig"]
[Result "*"]
[WhiteElo "2546"]
[BlackElo "2391"]
[Annotator "TA"]
[PlyCount "39"]
[EventDate "2019.10.15"]
[EventType "swiss"]
[EventCountry "IND"]
[SourceTitle "playchess.com"]
[Source "ChessBase"]
[SourceQuality "1"]

{[%evp 17,18,31,37]} 1. d4 Nf6 2. Nf3 g6 3. g3 Bg7 4. Bg2 O-O 5. O-O d6 6. c4 Nbd7 7. Nc3 e5 8. e4 c6 9. h3 Qa5 {Predecessor:} 10. Re1 $146 exd4 11. Nxd4 Ne5 12. Bf1 Qb6 13. Be3 c5 14. Nb3 Be6 15. Nd5 Bxd5 16. exd5 Rae8 17. Kg2 Re7 18. Qc2 Rfe8 19. Bd2 Qd8 20. a4 {0-1 (38) Howell,D (2676)-McShane,L (2640) London 2017} *

[Event "WJCC U20 Open 2019"]
[Site "New Delhi"]
[Date "2019.10.16"]
[Round "2.7"]
[White "Gazik, Viktor"]
[Black "Amartuvshin, Ganzorig"]
[Result "0-1"]
[WhiteElo "2546"]
[BlackElo "2391"]
[Annotator "ChessBase"]
[PlyCount "116"]
[EventDate "2019.10.15"]
[EventType "swiss"]
[EventCountry "IND"]
[SourceTitle "playchess.com"]
[Source "ChessBase"]
[SourceQuality "1"]
[TimeControl "40/5400+30:1800+30"]

1. d4 {[%emt 0:00:00]} Nf6 {[%emt 0:00:00]} 2. Nf3 {[%emt 0:00:00]} g6 {[%emt 0:00:00]} 3. g3 {[%emt 0:00:00]} Bg7 {[%emt 0:00:00]} 4. Bg2 {[%emt 0:00:00]} O-O {[%emt 0:00:02]} 5. O-O {[%emt 0:00:00]} d6 {[%emt 0:00:05]} 6. c4 {[%emt 0:00:02]} Nbd7 {[%emt 0:00:16]} 7. Nc3 {[%emt 0:00:08]} e5 {[%emt 0:00:13]} 8. e4 {[%emt 0:00:10]} c6 {[%emt 0:04:13]} 9. h3 {[%emt 0:04:06]} Qa5 {[%emt 0:00:10]} 10. Re1 {[%emt 0:33:50]} exd4 {[%emt 0:00:12]} 11. Nxd4 {[%emt 0:00:52]} Ne5 {[%emt 0:00:10]} 12. Bf1 {[%emt 0:01:19]} Qb6 {[%emt 0:00:19]} 13. Be3 {[%emt 0:16:39]} c5 {[%emt 0:00:15]} 14. Nc2 {[%emt 0:02:04]} Be6 {[%emt 0:06:55]} 15. b3 {[%emt 0:00:12]} Nfd7 {[%emt 0:00:41]} 16. Bd2 {[%emt 0:08:50]} Nc6 {[%emt 0:18:52]} 17. Rc1 {[%emt 0:01:42]} Nd4 {[%emt 0:01:24]} 18. Nxd4 {[%emt 0:05:17]} cxd4 {[%emt 0:01:00]} 19. Na4 {[%emt 0:00:03]} Qc7 {[%emt 0:05:19]} 20. Nb2 {[%emt 0:03:11]} a5 {[%emt 0:01:27]} 21. Nd3 {[%emt 0:00:42]} Nc5 {[%emt 0:03:38]} 22. Qc2 {[%emt 0:02:00]} b6 {[%emt 0:03:51]} 23. Nf4 {[%emt 0:04:34]} Rae8 {[%emt 0:01:37]} 24. a3 {[%emt 0:02:43]} Bd7 {[%emt 0:09:17]} 25. b4 {[%emt 0:00:01]} Ba4 {[%emt 0:08:29]} 26. Qb1 {[%emt 0:00:05]} axb4 {[%emt 0:02:01]} 27. axb4 {[%emt 0:00:02]} Nb3 {[%emt 0:00:17]} 28. Rcd1 {[%emt 0:01:29]} Nxd2 {[%emt 0:01:12]} 29. Rxd2 {[%emt 0:00:01]} Bc6 {[%emt 0:00:18]} 30. Rdd1 {[%emt 0:05:07]} Ra8 {[%emt 0:07:41]} 31. Ne2 {[%emt 0:02:24]} Ba4 {[%emt 0:03:36]} 32. Rc1 {[%emt 0:00:01]} Bc6 {[%emt 0:00:58]} 33. Qd3 {[%emt 0:01:56]} Ra4 {[%emt 0:04:12]} 34. Rb1 {[%emt 0:03:23]} f5 {[%emt 0:02:25]} 35. exf5 {[%emt 0:00:42]} gxf5 {[%emt 0:01:43]} 36. Nf4 {[%emt 0:03:04]} Be4 {[%emt 0:00:55]} 37. Qb3 {[%emt 0:01:09]} Rfa8 {[%emt 0:01:16]} 38. c5+ {[%emt 0:00:01]} Kh8 {[%emt 0:00:22]} 39. cxb6 {[%emt 0:00:48]} Qxb6 {[%emt 0:00:30]} 40. Rbc1 {[%emt 0:00:52]} Rxb4 {[%emt 0:01:12]} 41. Qe6 {[%emt 0:11:09]} Qb7 {[%emt 0:04:32]} 42. Bd3 {[%emt 0:07:30]} d5 {[%emt 0:02:05]} 43. Rc6 {[%emt 0:03:39]} Rb3 {[%emt 0:02:27]} 44. Ba6 {[%emt 0:08:47]} Qb4 {[%emt 0:04:42]} 45. Rf1 {[%emt 0:00:55]} Rg8 {[%emt 0:01:12]} 46. Rc8 {[%emt 0:00:53]} Rxc8 {[%emt 0:00:24]} 47. Qxc8+ {[%emt 0:00:35]} Qf8 {[%emt 0:00:06]} 48. Rc1 {[%emt 0:00:31]} Rc3 {[%emt 0:00:22]} 49. Qxf8+ {[%emt 0:00:20]} Bxf8 {[%emt 0:00:14]} 50. Rd1 {[%emt 0:00:06]} Bd6 {[%emt 0:01:08]} 51. Bf1 {[%emt 0:01:02]} Bxf4 {[%emt 0:05:06]} 52. gxf4 {[%emt 0:00:01]} Bf3 {[%emt 0:02:12]} 53. Rd3 {[%emt 0:00:06]} Kg7 {[%emt 0:00:29]} 54. Rxd4 {[%emt 0:01:08]} Rc1 {[%emt 0:00:06]} 55. Rd2 {[%emt 0:00:03]} Kf6 {[%emt 0:00:38]} 56. Ra2 {[%emt 0:00:04]} d4 {[%emt 0:00:16]} 57. Rd2 {[%emt 0:00:30]} Ke6 {[%emt 0:00:45]} 58. Ra2 {[%emt 0:00:05]} d3 {[%emt 0:00:12]} 0-1

[Event "WJCC U20 Open 2019"]
[Site "New Delhi"]
[Date "2019.10.16"]
[Round "2.8"]
[White "Anuj Shrivatri"]
[Black "Harsha Bharathakoti"]
[Result "1/2-1/2"]
[WhiteElo "2390"]
[BlackElo "2530"]
[Annotator "RC"]
[PlyCount "60"]
[EventDate "2019.10.15"]
[EventType "swiss"]
[EventCountry "IND"]
[SourceTitle "playchess.com"]
[Source "ChessBase"]
[SourceQuality "1"]
[TimeControl "40/5400+30:1800+30"]

1. d4 {[%emt 0:00:00]} Nf6 {[%emt 0:00:56]} 2. c4 {[%emt 0:00:00]} g6 {[%emt 0:01:14]} 3. Nc3 {[%emt 0:04:05]} Bg7 {[%emt 0:00:33]} 4. e4 {[%emt 0:00:22]} d6 {[%emt 0:00:17]} 5. Nf3 {[%emt 0:03:20]} O-O {[%emt 0:02:36]} 6. Be2 {[%emt 0:01:11]} Na6 {[%emt 0:04:25]} 7. O-O {[%emt 0:00:26]} e5 {[%emt 0:00:27]} 8. Be3 {[%emt 0:02:12]} c6 {[%emt 0:12:08]} 9. Re1 {[%emt 0:08:47]} Ng4 {[%emt 0:30:21]} 10. Bg5 {[%emt 0:01:30]} f6 {[%emt 0:00:02]} 11. Bh4 {[%emt 0:11:52]} Nc7 {[%emt 0:02:51]} 12. h3 {[%emt 0:12:52]} Nh6 {[%emt 0:00:07]} 13. c5 {[%emt 0:05:47]} dxc5 {[%emt 0:17:06]} 14. dxe5 {[%emt 0:04:34]} Qxd1 {[%emt 0:00:19]} 15. Raxd1 {[%emt 0:02:47]} fxe5 {[%emt 0:00:38]} 16. Be7 {[%emt 0:00:20]} Re8 {[%emt 0:00:14]} 17. Bxc5 {[%emt 0:03:48]} Nf7 {[%emt 0:04:25]} 18. Bc4 {[%emt 0:09:24]} Be6 {[%emt 0:04:08]} 19. Bxe6 {[%emt 0:01:13]} Nxe6 {[%emt 0:00:05]} 20. Be3 {[%emt 0:00:18]} b6 {[%emt 0:02:42]} 21. b4 {[%emt 0:04:06]} Rad8 {[%emt 0:05:50]} 22. b5 {[%emt 0:11:44]} c5 {[%emt 0:02:13]} 23. Nd2 {[%emt 0:02:26]} Nd6 {[%emt 0:01:01]} 24. a4 {[%emt 0:01:16]} Nd4 {[%emt 0:01:12]} 25. Rc1 {[%emt 0:00:38]} h6 {[%emt 0:02:44]} 26. f3 {[%emt 0:00:25]} Kf7 {[%emt 0:01:27]} 27. Nd5 {[%emt 0:00:49]} Rd7 {[%emt 0:00:54]} 28. Kf2 {[%emt 0:02:05]} g5 {[%emt 0:00:28]} 29. Nc4 {[%emt 0:00:56]} Nxc4 {[%emt 0:01:46]} 30. Rxc4 {[%emt 0:00:07]} Ne6 {[%emt 0:00:05]} 1/2-1/2

[Event "WJCC U20 Open 2019"]
[Site "New Delhi"]
[Date "2019.10.16"]
[Round "2.9"]
[White "Visakh N R"]
[Black "Dobrovoljc, Vid"]
[Result "1/2-1/2"]
[WhiteElo "2529"]
[BlackElo "2389"]
[Annotator "RC"]
[PlyCount "53"]
[EventDate "2019.10.15"]
[EventType "swiss"]
[EventCountry "IND"]
[SourceTitle "playchess.com"]
[Source "ChessBase"]
[SourceQuality "1"]
[TimeControl "40/5400+30:1800+30"]

1. d4 {[%emt 0:00:03]} Nf6 {[%emt 0:00:00]} 2. c4 {[%emt 0:00:16]} e6 {[%emt 0:00:27]} 3. Nf3 {[%emt 0:00:17]} d5 {[%emt 0:00:11]} 4. Nc3 {[%emt 0:00:40]} c6 {[%emt 0:00:35]} 5. e3 {[%emt 0:01:22]} Nbd7 {[%emt 0:00:17]} 6. Qc2 {[%emt 0:01:07]} Bd6 {[%emt 0:00:40]} 7. b3 {[%emt 0:00:46]} O-O {[%emt 0:00:47]} 8. Be2 {[%emt 0:00:08]} b6 {[%emt 0:00:37]} 9. O-O {[%emt 0:00:48]} Bb7 {[%emt 0:00:20]} 10. Bb2 {[%emt 0:00:18]} Qe7 {[%emt 0:00:33]} 11. Rad1 {[%emt 0:00:31]} Rad8 {[%emt 0:02:31]} 12. e4 {[%emt 0:12:39]} Nxe4 {[%emt 0:04:15]} 13. Nxe4 {[%emt 0:00:09]} dxe4 {[%emt 0:00:04]} 14. Qxe4 {[%emt 0:00:08]} f5 {[%emt 0:01:50]} 15. Qe3 {[%emt 0:00:57]} c5 {[%emt 0:01:46]} 16. Ng5 {[%emt 0:11:10]} Rfe8 {[%emt 0:07:16]} 17. Bf3 {[%emt 0:15:04]} cxd4 {[%emt 0:13:27]} 18. Bxd4 {[%emt 0:01:44]} Bxf3 {[%emt 0:06:42]} 19. Nxf3 {[%emt 0:00:06]} e5 {[%emt 0:04:09]} 20. Bc3 {[%emt 0:04:44]} Nf6 {[%emt 0:10:31]} 21. Qg5 {[%emt 0:04:26]} Qe6 {[%emt 0:01:33]} 22. Qh4 {[%emt 0:01:23]} h6 {[%emt 0:01:34]} 23. Bb2 {[%emt 0:12:28]} Ne4 {[%emt 0:07:40]} 24. Rd5 {[%emt 0:01:33]} Nf6 {[%emt 0:11:04]} 25. Rdd1 {[%emt 0:05:13]} Ne4 {[%emt 0:03:34]} 26. Rd5 {[%emt 0:03:46]} Nf6 {[%emt 0:00:14]} 27. Rdd1 {[%emt 0:05:55]} 1/2-1/2

[Event "WJCC U20 Open 2019"]
[Site "New Delhi"]
[Date "2019.10.16"]
[Round "2.10"]
[White "Mendonca, Leon Luke"]
[Black "Lobanov, Sergei"]
[Result "1/2-1/2"]
[WhiteElo "2388"]
[BlackElo "2516"]
[Annotator "ChessBase"]
[PlyCount "106"]
[EventDate "2019.10.15"]
[EventType "swiss"]
[EventCountry "IND"]
[SourceTitle "playchess.com"]
[Source "ChessBase"]
[SourceQuality "1"]
[TimeControl "40/5400+30:1800+30"]

1. d4 {[%emt 0:00:00]} d5 {[%emt 0:00:00]} 2. c4 {[%emt 0:00:00]} c6 {[%emt 0:00:00]} 3. Nf3 {[%emt 0:00:11]} Nf6 {[%emt 0:00:00]} 4. g3 {[%emt 0:00:24]} dxc4 {[%emt 0:00:00]} 5. Bg2 {[%emt 0:00:25]} g6 {[%emt 0:00:05]} 6. O-O {[%emt 0:02:29]} Bg7 {[%emt 0:00:06]} 7. a4 {[%emt 0:04:03]} Ne4 {[%emt 0:00:19]} 8. Qc2 {[%emt 0:15:59]} Nd6 {[%emt 0:00:08]} 9. e4 {[%emt 0:05:16]} Na6 {[%emt 0:00:22]} 10. h3 {[%emt 0:06:33]} Nb4 {[%emt 0:02:01]} 11. Qe2 {[%emt 0:00:17]} Nd3 {[%emt 0:03:22]} 12. Nc3 {[%emt 0:07:30]} O-O {[%emt 0:02:49]} 13. Be3 {[%emt 0:08:05]} f5 14. e5 {[%emt 0:02:40]} Nf7 {[%emt 0:16:15]} 15. b3 {[%emt 0:05:08]} Qa5 {[%emt 0:08:54]} 16. Nb1 {[%emt 0:11:52]} f4 {[%emt 0:25:13]} 17. Bd2 {[%emt 0:21:41]} Qa6 {[%emt 0:00:16]} 18. bxc4 {[%emt 0:00:15]} Qxc4 {[%emt 0:00:26]} 19. Na3 {[%emt 0:02:07]} Qa6 {[%emt 0:00:24]} 20. g4 {[%emt 0:04:19]} Ndxe5 {[%emt 0:08:03]} 21. Qxa6 {[%emt 0:00:08]} Nxf3+ {[%emt 0:00:01]} 22. Bxf3 {[%emt 0:00:01]} bxa6 {[%emt 0:00:01]} 23. Bxc6 {[%emt 0:01:05]} Rb8 {[%emt 0:00:01]} 24. Bxf4 {[%emt 0:00:57]} Rb6 {[%emt 0:00:06]} 25. Bg2 {[%emt 0:00:31]} Bxd4 {[%emt 0:00:09]} 26. Rad1 {[%emt 0:00:30]} e5 {[%emt 0:01:04]} 27. Be3 {[%emt 0:00:30]} Bxe3 {[%emt 0:01:04]} 28. fxe3 {[%emt 0:00:00]} Rb4 {[%emt 0:01:59]} 29. Bd5 {[%emt 0:00:44]} Kg7 {[%emt 0:00:00]} 30. Nc4 {[%emt 0:00:39]} Ng5 {[%emt 0:02:23]} 31. Rxf8 {[%emt 0:00:12]} Kxf8 {[%emt 0:00:00]} 32. Nxe5 {[%emt 0:00:47]} Nxh3+ {[%emt 0:01:38]} 33. Kg2 {[%emt 0:00:07]} Ng5 {[%emt 0:00:08]} 34. Kg3 {[%emt 0:01:02]} Kg7 {[%emt 0:01:17]} 35. Rc1 {[%emt 0:00:29]} Kf6 {[%emt 0:02:31]} 36. Rxc8 {[%emt 0:00:22]} Kxe5 {[%emt 0:00:01]} 37. Rc5 {[%emt 0:00:32]} Ne4+ {[%emt 0:06:33]} 38. Bxe4+ {[%emt 0:00:01]} Kxe4 {[%emt 0:00:01]} 39. Rc7 {[%emt 0:00:47]} Rxa4 {[%emt 0:15:51]} 40. Rxh7 {[%emt 0:00:32]} Ra5 {[%emt 0:00:46]} 41. Rxa7 {[%emt 0:13:30]} g5 {[%emt 0:10:08]} 42. Kf2 {[%emt 0:02:49]} Ra2+ {[%emt 0:00:43]} 43. Kg3 {[%emt 0:00:09]} Kxe3 {[%emt 0:00:45]} 44. Rg7 {[%emt 0:00:27]} Ra5 {[%emt 0:00:14]} 45. Rg6 {[%emt 0:00:03]} Ke4 {[%emt 0:00:16]} 46. Re6+ {[%emt 0:00:15]} Kd4 {[%emt 0:00:06]} 47. Rg6 {[%emt 0:00:20]} Ke3 {[%emt 0:02:03]} 48. Re6+ {[%emt 0:00:18]} Kd2 {[%emt 0:00:12]} 49. Rg6 {[%emt 0:00:35]} Ke2 {[%emt 0:00:40]} 50. Kg2 {[%emt 0:00:17]} Ke3 {[%emt 0:00:38]} 51. Kg3 {[%emt 0:00:11]} Kd4 {[%emt 0:00:30]} 52. Kf3 {[%emt 0:00:26]} Ra3+ {[%emt 0:02:20]} 53. Kf2 {[%emt 0:00:59]} Ra5 {[%emt 0:00:06]} 1/2-1/2